<?xml version="1.0" encoding="UTF-8"?><?xml-stylesheet type="text/xsl" href="static/style.xsl"?><OAI-PMH xmlns="http://www.openarchives.org/OAI/2.0/" xmlns:xsi="http://www.w3.org/2001/XMLSchema-instance" xsi:schemaLocation="http://www.openarchives.org/OAI/2.0/ http://www.openarchives.org/OAI/2.0/OAI-PMH.xsd"><responseDate>2026-06-07T15:52:38Z</responseDate><request verb="GetRecord" identifier="oai:docta.ucm.es:20.500.14352/121490" metadataPrefix="marc">https://docta.ucm.es/rest/oai/request</request><GetRecord><record><header><identifier>oai:docta.ucm.es:20.500.14352/121490</identifier><datestamp>2025-06-18T23:48:36Z</datestamp><setSpec>com_20.500.14352_14</setSpec><setSpec>col_20.500.14352_15</setSpec></header><metadata><record xmlns="http://www.loc.gov/MARC21/slim" xmlns:dcterms="http://purl.org/dc/terms/" xmlns:xsi="http://www.w3.org/2001/XMLSchema-instance" xmlns:doc="http://www.lyncode.com/xoai" xsi:schemaLocation="http://www.loc.gov/MARC21/slim http://www.loc.gov/standards/marcxml/schema/MARC21slim.xsd">
   <leader>00925njm 22002777a 4500</leader>
   <datafield ind2=" " ind1=" " tag="042">
      <subfield code="a">dc</subfield>
   </datafield>
   <datafield ind2=" " ind1=" " tag="720">
      <subfield code="a">Fernández Rodríguez, Carlos</subfield>
      <subfield code="e">author</subfield>
   </datafield>
   <datafield ind2=" " ind1=" " tag="720">
      <subfield code="a">Casillas, R.</subfield>
      <subfield code="e">author</subfield>
   </datafield>
   <datafield ind2=" " ind1=" " tag="720">
      <subfield code="a">Ahijado, A.</subfield>
      <subfield code="e">author</subfield>
   </datafield>
   <datafield ind2=" " ind1=" " tag="720">
      <subfield code="a">Perello, V.</subfield>
      <subfield code="e">author</subfield>
   </datafield>
   <datafield ind2=" " ind1=" " tag="720">
      <subfield code="a">Hernández Pacheco, Alfredo</subfield>
      <subfield code="e">author</subfield>
   </datafield>
   <datafield ind2=" " ind1=" " tag="260">
      <subfield code="c">1997-01</subfield>
   </datafield>
   <datafield ind2=" " ind1=" " tag="520">
      <subfield code="a">Ductile shear zones affecting igneous rocks (pyroxenites, syenites, gabbros and carbonatites) belonging to the Basal Complex of the Island of Fuerteventura are described here. They develop typical mylonites with their cortege of structures and crystallographic fabrics. An evolution from brittle to ductile conditions has been recognized, and interpreted as being due to the ascent of alkaline magmas and related fluids and subsequent emplacement of weak rocks (carbonatites, syenites) along the shear zones. Local metamorphic changes favour the ductile behaviour via a reaction-enhanced softening mechanism. The shear zones are arranged in a nearly orthorhombic pattern. Kinematic criteria suggest an extensional tectonic scenario, with a bulk irrotational nonplane deformation. The long axis of the finite deformation ellipsoid is E-W and horizontal. The available data allow us to establish this deformation as being from the Late Oligocene to the Early Miocene. This is tentatively related to the plate-tectonics evolution and mantle anomalies in the northwestern corner of the African plate.</subfield>
   </datafield>
   <datafield ind1="8" ind2=" " tag="024">
      <subfield code="a">Fernandez, C., Casillas, R., Ahijado, A., Perello, V., &amp; Hernandez-Pacheco, A. (1997). Shear zones as a result of intraplate tectonics in oceanic crust: the example of the Basal complex of Fuerteventura (Canary Islands). Journal of Structural Geology, 19(1), 41-57. https://doi.org/10.1016/S0191-8141(96)00074-0</subfield>
   </datafield>
   <datafield ind1="8" ind2=" " tag="024">
      <subfield code="a">0191-8141</subfield>
   </datafield>
   <datafield ind1="8" ind2=" " tag="024">
      <subfield code="a">10.1016/S0191-8141(96)00074-0</subfield>
   </datafield>
   <datafield ind1="8" ind2=" " tag="024">
      <subfield code="a">https://hdl.handle.net/20.500.14352/121490</subfield>
   </datafield>
   <datafield ind1="8" ind2=" " tag="024">
      <subfield code="a">https://doi.org/10.1016/S0191-8141(96)00074-0</subfield>
   </datafield>
   <datafield ind1="8" ind2=" " tag="024">
      <subfield code="a">https://www.sciencedirect.com/science/article/pii/S0191814196000740?via%3Dihub</subfield>
   </datafield>
   <datafield ind2="0" ind1="0" tag="245">
      <subfield code="a">Shear zones as a result of intraplate tectonics in oceanic crust: the example of the Basal Complex of Fuerteventura (Canary Islands)</subfield>
   </datafield>
</record></metadata></record></GetRecord></OAI-PMH>